[Event "DEM U18w 2025"]
[Site "Willingen GER"]
[Date "2025.06.11"]
[Round "6"]
[White "Ottlik, Marie"]
[Black "Loos, Tilda"]
[Result "0-1"]
[Termination "normal"]
[Board "9"]
[WhiteElo "1744"]
[BlackElo "1779"]
[WhiteClock "00:15:55"]
[BlackClock "01:18:06"]
[PlyCount "128"]
[WhiteFideId "16281730"]
[BlackFideId "34620559"]
[EventCountry "GER"]
[EventRounds "9"]
[EventType "swiss"]
[EventDate "2025.06.07"]

1. e4 {[%clk 01:30:57]} {[%emt 00:00:03]} c5 {[%clk 01:30:57]} {[%emt
00:00:04]} 2. Nf3 {[%clk 01:31:22]} {[%emt 00:00:05]} Nc6 {[%clk 01:31:23]}
{[%emt 00:00:04]} 3. d4 {[%clk 01:31:47]} {[%emt 00:00:05]} cxd4 {[%clk
01:31:50]} {[%emt 00:00:04]} 4. Nxd4 {[%clk 01:32:12]} {[%emt 00:00:04]} Nf6
{[%clk 01:32:16]} {[%emt 00:00:04]} 5. Nc3 {[%clk 01:32:31]} {[%emt 00:00:10]}
e5 {[%clk 01:32:43]} {[%emt 00:00:03]} 6. Ndb5 {[%clk 01:32:53]} {[%emt
00:00:09]} d6 {[%clk 01:33:07]} {[%emt 00:00:06]} 7. Bg5 {[%clk 01:33:17]}
{[%emt 00:00:06]} a6 {[%clk 01:33:32]} {[%emt 00:00:04]} 8. Na3 {[%clk
01:33:43]} {[%emt 00:00:05]} b5 {[%clk 01:33:59]} {[%emt 00:00:04]} 9. Nd5
{[%clk 01:34:08]} {[%emt 00:00:04]} Be7 {[%clk 01:34:25]} {[%emt 00:00:04]} 10.
Bxf6 {[%clk 01:34:28]} {[%emt 00:00:10]} Bxf6 {[%clk 01:34:50]} {[%emt
00:00:05]} 11. c3 {[%clk 01:34:39]} {[%emt 00:00:18]} Bg5 {[%clk 01:35:16]} 12.
Nc2 {[%clk 01:35:02]} {[%emt 00:00:13]} Rb8 {[%clk 01:35:42]} 13. Be2 {[%clk
01:35:12]} {[%emt 00:00:22]} a5 {[%clk 01:36:07]} {[%emt 00:01:18]} 14. a3
{[%clk 01:19:33]} {[%emt 00:14:57]} Ne7 {[%clk 01:36:20]} {[%emt 00:00:17]} 15.
Nce3 {[%clk 01:16:53]} {[%emt 00:03:09]} O-O {[%clk 01:35:57]} {[%emt
00:00:53]} 16. O-O {[%clk 01:16:20]} {[%emt 00:01:04]} Be6 {[%clk 01:35:09]}
{[%emt 00:01:18]} 17. Nxe7+ {[%clk 01:08:47]} {[%emt 00:08:02]} Qxe7 {[%clk
01:34:23]} {[%emt 00:01:16]} 18. Nd5 {[%clk 01:07:57]} {[%emt 00:01:21]} Qb7
{[%clk 01:34:26]} {[%emt 00:00:26]} 19. Qd3 {[%emt 00:20:38]} f5 {[%clk
01:30:44]} {[%emt 00:01:19]} 20. Rad1 {[%emt 00:25:05]} fxe4 {[%clk 01:28:42]}
{[%emt 00:02:30]} 21. Qxe4 {[%clk 00:18:23]} {[%emt 00:08:16]} Bf5 {[%clk
01:28:06]} 22. Qf3 {[%clk 00:16:40]} {[%emt 00:03:20]} Bc2 {[%emt 00:00:59]}
23. Qg4 {[%clk 00:16:16]} {[%emt 00:00:41]} Bxd1 {[%clk 01:27:25]} {[%emt
00:00:54]} 24. Rxd1 {[%clk 00:16:37]} {[%emt 00:00:09]} Bh6 {[%clk 01:25:55]}
{[%emt 00:02:00]} 25. Bf3 {[%clk 00:15:33]} {[%emt 00:01:34]} Qf7 {[%clk
01:23:34]} {[%emt 00:02:50]} 26. Ne3 {[%clk 00:10:48]} {[%emt 00:05:16]} Qf4
{[%clk 01:19:42]} {[%emt 00:04:21]} 27. Qe6+ {[%clk 00:10:17]} {[%emt
00:01:02]} Kh8 {[%clk 01:19:23]} {[%emt 00:00:49]} 28. Nd5 {[%clk 00:09:53]}
{[%emt 00:00:55]} Qf7 {[%clk 01:16:26]} {[%emt 00:03:25]} 29. Qg4 {[%clk
00:09:58]} {[%emt 00:00:26]} Rbe8 {[%clk 01:14:58]} {[%emt 00:01:58]} 30. Rf1
{[%clk 00:09:15]} {[%emt 00:01:13]} Bf4 {[%clk 01:07:17]} {[%emt 00:08:13]} 31.
Be4 {[%clk 00:09:02]} {[%emt 00:00:42]} h6 {[%clk 00:57:45]} {[%emt 00:10:01]}
32. Nxf4 {[%clk 00:07:23]} {[%emt 00:02:09]} exf4 {[%clk 00:56:51]} {[%emt
00:01:24]} 33. Bg6 {[%clk 00:07:46]} {[%emt 00:00:07]} Qe6 {[%clk 00:56:56]}
{[%emt 00:00:25]} 34. Qh5 {[%clk 00:06:04]} {[%emt 00:02:11]} Rb8 {[%clk
00:56:24]} {[%emt 00:01:03]} 35. Bd3 {[%clk 00:05:20]} {[%emt 00:01:13]} b4
{[%clk 00:53:16]} {[%emt 00:03:38]} 36. Qxa5 {[%clk 00:04:48]} {[%emt
00:01:03]} bxc3 {[%clk 00:52:53]} {[%emt 00:00:53]} 37. Qxc3 {[%clk 00:04:24]}
{[%emt 00:00:54]} Qe5 {[%emt 00:02:44]} 38. Qc7 {[%clk 00:02:41]} {[%emt
00:01:44]} Rxb2 {[%clk 00:48:51]} {[%emt 00:02:47]} 39. Rc1 {[%clk 00:02:15]}
{[%emt 00:00:55]} Qd4 {[%clk 00:47:10]} {[%emt 00:02:11]} 40. Bf1 {[%clk
00:00:42]} {[%emt 00:02:04]} Qxf2+ {[%clk 00:47:10]} {[%emt 00:00:30]} 41. Kh1
{[%clk 00:01:05]} {[%emt 00:00:06]} f3 {[%clk 00:47:14]} {[%emt 00:00:27]} 42.
Qc6 {[%clk 00:28:56]} {[%emt 00:02:40]} fxg2+ {[%clk 01:16:26]} {[%emt
00:01:17]} 43. Bxg2 {[%clk 00:27:55]} {[%emt 00:01:31]} Qb6 {[%clk 01:14:07]}
{[%emt 00:02:49]} 44. Qe4 {[%clk 00:27:07]} {[%emt 00:01:17]} Rb8 {[%clk
01:13:17]} {[%emt 00:01:21]} 45. h3 {[%clk 00:18:47]} {[%emt 00:08:49]} Rb1
{[%clk 01:13:28]} {[%emt 00:00:20]} 46. Rxb1 {[%clk 00:18:03]} {[%emt
00:01:14]} Qxb1+ {[%clk 01:13:55]} {[%emt 00:00:02]} 47. Kh2 {[%clk 00:17:58]}
{[%emt 00:00:35]} Qxe4 {[%clk 01:14:15]} {[%emt 00:00:11]} 48. Bxe4 {[%clk
00:18:23]} {[%emt 00:00:05]} Rb2+ {[%clk 01:14:38]} {[%emt 00:00:07]} 49. Kg1
{[%clk 00:18:02]} {[%emt 00:00:51]} Ra2 {[%clk 01:14:56]} {[%emt 00:00:12]} 50.
h4 {[%clk 00:18:05]} {[%emt 00:00:27]} g5 {[%clk 01:15:00]} {[%emt 00:00:26]}
51. hxg5 {[%clk 00:18:12]} {[%emt 00:00:23]} hxg5 {[%clk 01:15:25]} {[%emt
00:00:05]} 52. Bd5 {[%clk 00:17:56]} {[%emt 00:00:46]} Rxa3 {[%clk 01:15:50]}
{[%emt 00:00:05]} 53. Kg2 {[%clk 00:18:18]} {[%emt 00:00:08]} Kg7 {[%clk
01:16:16]} {[%emt 00:00:05]} 54. Kf2 {[%clk 00:17:55]} {[%emt 00:00:52]} Kf6
{[%clk 01:16:39]} {[%emt 00:00:07]} 55. Ke2 {[%clk 00:17:56]} {[%emt 00:00:28]}
Ke5 {[%clk 01:17:01]} 56. Bh1 {[%clk 00:17:56]} Ke6 {[%clk 01:17:01]} 57. Bd5+
{[%clk 00:17:47]} Ke5 {[%clk 01:17:01]} 58. Bh1 {[%clk 00:17:47]} {[%emt
00:00:48]} Kf4 {[%clk 01:17:20]} 59. Kf2 {[%clk 00:17:11]} {[%emt 00:01:17]} d5
{[%clk 01:17:31]} 60. Ke2 {[%clk 00:16:44]} {[%emt 00:01:16]} d4 {[%clk
01:17:35]} {[%emt 00:00:25]} 61. Kd2 {[%clk 00:16:17]} {[%emt 00:00:58]} g4
{[%clk 01:17:39]} {[%emt 00:00:26]} 62. Bc6 {[%clk 00:16:17]} {[%emt 00:00:29]}
Kg3 {[%clk 01:17:41]} {[%emt 00:00:29]} 63. Bd5 {[%clk 00:16:04]} {[%emt
00:00:43]} Kf2 {[%clk 01:17:46]} {[%emt 00:00:26]} 64. Bc6 {[%clk 00:15:55]}
{[%emt 00:00:38]} g3 {[%clk 01:18:06]} {[%emt 00:00:10]} 0-1

[Event "DEM U18w 2025"]
[Site "Willingen GER"]
[Date "2025.06.11"]
[Round "6"]
[White "Gyácsok, Dzvinka"]
[Black "Stepanjan, Marianne"]
[Result "1-0"]
[Termination "normal"]
[Board "11"]
[WhiteElo "1689"]
[BlackElo "1712"]
[WhiteClock "00:01:59"]
[BlackClock "00:04:44"]
[PlyCount "89"]
[WhiteFideId "16298292"]
[BlackFideId "16246110"]
[EventCountry "GER"]
[EventRounds "9"]
[EventType "swiss"]
[EventDate "2025.06.07"]

1. e4 {[%clk 01:30:57]} {[%emt 00:00:02]} c5 {[%clk 01:30:57]} {[%emt
00:00:04]} 2. Nf3 {[%clk 01:31:21]} {[%emt 00:00:06]} d6 {[%clk 01:31:20]}
{[%emt 00:00:08]} 3. d4 {[%clk 01:31:33]} {[%emt 00:00:17]} cxd4 {[%clk
01:31:46]} {[%emt 00:00:04]} 4. Nxd4 {[%clk 01:31:51]} {[%emt 00:00:12]} Nf6
{[%clk 01:32:13]} {[%emt 00:00:04]} 5. Nc3 {[%clk 01:31:31]} {[%emt 00:00:49]}
a6 {[%clk 01:32:38]} {[%emt 00:00:05]} 6. Be2 {[%clk 01:30:59]} {[%emt
00:01:01]} e5 {[%clk 01:32:56]} {[%emt 00:00:12]} 7. Nf3 {[%clk 01:28:32]}
{[%emt 00:02:56]} Be7 {[%clk 01:32:55]} {[%emt 00:00:34]} 8. O-O {[%clk
01:25:07]} {[%emt 00:03:53]} O-O {[%clk 01:31:21]} {[%emt 00:02:04]} 9. h3
{[%clk 01:21:28]} Nbd7 {[%clk 01:29:43]} {[%emt 00:06:19]} 10. Be3 {[%clk
01:16:43]} b5 {[%clk 01:26:06]} {[%emt 00:09:21]} 11. a3 {[%clk 01:09:59]} Bb7
{[%clk 01:24:42]} {[%emt 00:09:08]} 12. Nd2 {[%clk 01:06:48]} d5 {[%clk
01:19:50]} {[%emt 00:09:02]} 13. exd5 {[%clk 01:02:49]} Nxd5 {[%clk 01:19:26]}
{[%emt 00:05:24]} 14. Nxd5 {[%clk 01:00:38]} Bxd5 {[%clk 01:19:44]} {[%emt
00:02:53]} 15. c4 {[%clk 00:57:57]} bxc4 {[%clk 01:14:50]} {[%emt 00:08:35]}
16. Nxc4 {[%clk 00:54:33]} Be6 {[%clk 01:09:04]} {[%emt 00:10:10]} 17. Rc1
{[%clk 00:49:14]} f5 {[%clk 01:03:34]} {[%emt 00:11:49]} 18. f3 {[%clk
00:38:39]} f4 {[%clk 00:56:01]} {[%emt 00:19:07]} 19. Bf2 {[%clk 00:36:32]} Qe8
{[%clk 00:51:18]} {[%emt 00:07:50]} 20. Nd6 {[%clk 00:30:34]} Qh5 {[%clk
00:47:02]} {[%emt 00:11:14]} 21. Bc4 {[%clk 00:28:21]} Bxc4 {[%clk 00:45:31]}
{[%emt 00:04:45]} 22. Rxc4 {[%clk 00:26:32]} Bxd6 {[%clk 00:33:06]} {[%emt
00:15:14]} 23. Qxd6 {[%clk 00:26:14]} Nf6 {[%clk 00:24:43]} {[%emt 00:09:40]}
24. Rc5 {[%clk 00:22:38]} Rfe8 {[%clk 00:20:57]} {[%emt 00:08:21]} 25. Re1
{[%clk 00:18:38]} Rad8 {[%clk 00:17:25]} {[%emt 00:08:33]} 26. Qxa6 {[%clk
00:16:48]} Nd7 {[%clk 00:15:11]} {[%emt 00:05:03]} 27. Qc4+ {[%clk 00:14:40]}
Kh8 {[%clk 00:14:16]} {[%emt 00:04:04]} 28. Rd5 {[%clk 00:13:53]} Qf7 {[%clk
00:12:25]} {[%emt 00:03:37]} 29. Qb5 {[%clk 00:11:23]} Re6 {[%clk 00:12:25]}
30. Red1 {[%clk 00:11:23]} Rb8 {[%clk 00:12:25]} 31. Rxd7 {[%clk 00:11:23]} Qe8
{[%clk 00:02:35]} {[%emt 00:22:12]} 32. Qd5 {[%clk 00:04:22]} h6 {[%clk
00:02:14]} {[%emt 00:01:31]} 33. Rd8 {[%clk 00:04:22]} Rxd8 {[%clk 00:02:10]}
{[%emt 00:01:04]} 34. Qxd8 {[%clk 00:04:21]} Kh7 {[%clk 00:02:30]} {[%emt
00:00:41]} 35. Qxe8 {[%clk 00:04:24]} Rxe8 {[%clk 00:02:56]} {[%emt 00:00:32]}
36. b4 {[%clk 00:04:13]} Ra8 {[%clk 00:03:14]} {[%emt 00:00:52]} 37. Ra1 {[%clk
00:04:18]} Kg6 {[%clk 00:03:33]} {[%emt 00:00:36]} 38. a4 {[%clk 00:04:04]} Kf5
{[%clk 00:03:57]} {[%emt 00:00:50]} 39. a5 {[%clk 00:03:50]} e4 {[%clk
00:04:19]} {[%emt 00:00:52]} 40. fxe4+ {[%clk 00:03:31]} Kxe4 {[%clk 00:04:44]}
{[%emt 00:00:55]} 41. b5 {[%clk 00:01:59]} Kd5 {[%clk 00:04:44]} 42. b6 {[%clk
00:01:59]} Kc6 {[%clk 00:04:44]} 43. a6 {[%clk 00:01:59]} Re8 {[%clk 00:04:44]}
44. b7 {[%clk 00:01:59]} Kc7 {[%clk 00:04:44]} 45. b8=Q+ {[%clk 00:01:59]} 1-0

[Event "DEM U18w 2025"]
[Site "Willingen GER"]
[Date "2025.06.11"]
[Round "6"]
[White "Margaryan, Sofia"]
[Black "Reddi, Bhuvana"]
[Result "1/2-1/2"]
[Termination "normal"]
[Board "12"]
[WhiteElo "1564"]
[BlackElo "1851"]
[WhiteClock "00:00:45"]
[BlackClock "00:01:02"]
[PlyCount "55"]
[WhiteFideId "16268229"]
[BlackFideId "16287002"]
[EventCountry "GER"]
[EventRounds "9"]
[EventType "swiss"]
[EventDate "2025.06.07"]

1. d4 {[%clk 01:30:58]} {[%emt 00:00:01]} Nf6 {[%clk 01:30:56]} {[%emt
00:00:05]} 2. c4 {[%clk 01:31:22]} {[%emt 00:00:05]} g6 {[%clk 01:31:22]}
{[%emt 00:00:03]} 3. Nc3 {[%clk 01:31:47]} {[%emt 00:00:05]} Bg7 {[%clk
01:31:47]} {[%emt 00:00:05]} 4. e4 {[%clk 01:32:09]} {[%emt 00:00:08]} d6
{[%clk 01:32:13]} {[%emt 00:00:05]} 5. f3 {[%clk 01:32:16]} {[%emt 00:00:23]}
Nbd7 {[%clk 01:32:28]} {[%emt 00:00:15]} 6. Be3 {[%clk 01:32:31]} {[%emt
00:00:14]} c5 {[%clk 01:30:06]} {[%emt 00:02:53]} 7. Nge2 {[%clk 01:30:39]}
{[%emt 00:02:22]} O-O {[%clk 01:24:47]} {[%emt 00:05:49]} 8. Qd2 {[%clk
01:27:45]} {[%emt 00:03:23]} cxd4 {[%clk 01:17:06]} {[%emt 00:08:11]} 9. Nxd4
{[%clk 01:19:59]} {[%emt 00:08:15]} Ne5 {[%clk 01:06:05]} {[%emt 00:11:33]} 10.
O-O-O {[%clk 01:09:18]} {[%emt 00:11:10]} Bd7 {[%clk 01:03:20]} {[%emt
00:03:15]} 11. Kb1 {[%clk 01:03:45]} {[%emt 00:06:03]} Rc8 {[%clk 00:59:17]}
{[%emt 00:04:34]} 12. b3 {[%clk 00:59:31]} {[%emt 00:04:45]} Qa5 {[%clk
00:53:31]} {[%emt 00:06:15]} 13. g4 {[%clk 00:51:10]} {[%emt 00:08:50]} Bc6
{[%clk 00:36:14]} {[%emt 00:17:47]} 14. Be2 {[%clk 00:31:20]} {[%emt 00:20:20]}
Be8 {[%clk 00:22:03]} {[%emt 00:14:42]} 15. h4 {[%clk 00:29:59]} {[%emt
00:01:50]} Nc6 {[%clk 00:14:33]} {[%emt 00:08:00]} 16. h5 {[%clk 00:27:23]}
{[%emt 00:03:07]} Nd7 {[%clk 00:09:13]} {[%emt 00:05:50]} 17. Qe1 {[%clk
00:09:50]} {[%emt 00:18:03]} Nxd4 {[%clk 00:07:16]} {[%emt 00:02:27]} 18. Bxd4
{[%clk 00:10:03]} {[%emt 00:00:16]} Bxd4 {[%clk 00:04:51]} {[%emt 00:02:55]}
19. Rxd4 {[%clk 00:10:27]} {[%emt 00:00:06]} Nf6 {[%clk 00:04:06]} {[%emt
00:01:14]} 20. hxg6 {[%clk 00:07:00]} {[%emt 00:03:58]} fxg6 {[%clk 00:04:32]}
{[%emt 00:00:04]} 21. Rd3 {[%clk 00:07:19]} {[%emt 00:00:11]} Qg5 {[%clk
00:03:18]} {[%emt 00:01:43]} 22. Qg3 {[%clk 00:05:33]} {[%emt 00:02:17]} Rf7
{[%clk 00:00:58]} {[%emt 00:02:51]} 23. f4 {[%clk 00:04:34]} {[%emt 00:01:29]}
Qc5 {[%clk 00:01:00]} {[%emt 00:00:21]} 24. g5 {[%clk 00:03:57]} {[%emt
00:01:14]} Nd7 {[%clk 00:01:01]} {[%emt 00:00:29]} 25. Rd5 {[%clk 00:02:27]}
{[%emt 00:02:00]} Qc6 {[%clk 00:01:08]} {[%emt 00:00:22]} 26. Rdd1 {[%clk
00:01:03]} {[%emt 00:01:54]} Nc5 {[%clk 00:01:07]} {[%emt 00:00:32]} 27. Bd3
{[%clk 00:00:41]} {[%emt 00:00:52]} Bd7 {[%clk 00:01:02]} {[%emt 00:00:35]} 28.
Rdf1 {[%clk 00:00:45]} {[%emt 00:00:26]} 1/2-1/2

[Event "DEM U18w 2025"]
[Site "Willingen GER"]
[Date "2025.06.11"]
[Round "6"]
[White "Czäczine, Laura"]
[Black "Loos, Violeta"]
[Result "1-0"]
[Termination "normal"]
[Board "13"]
[WhiteElo "1903"]
[BlackElo "1544"]
[WhiteClock "00:28:27"]
[BlackClock "00:23:07"]
[PlyCount "86"]
[WhiteFideId "16211448"]
[BlackFideId "34605290"]
[EventCountry "GER"]
[EventRounds "9"]
[EventType "swiss"]
[EventDate "2025.06.07"]

1. e4 {[%clk 01:30:59]} {[%emt 00:00:02]} e6 {[%clk 01:30:51]} {[%emt
00:00:09]} 2. d4 {[%clk 01:31:21]} {[%emt 00:00:08]} d5 {[%clk 01:31:17]}
{[%emt 00:00:04]} 3. e5 {[%clk 01:31:45]} {[%emt 00:00:07]} c5 {[%clk
01:31:32]} {[%emt 00:00:14]} 4. c3 {[%clk 01:32:09]} {[%emt 00:00:05]} Nc6
{[%clk 01:31:47]} {[%emt 00:00:16]} 5. Nf3 {[%clk 01:32:14]} {[%emt 00:00:25]}
Bd7 {[%clk 01:31:52]} {[%emt 00:00:25]} 6. Be2 {[%clk 01:29:33]} {[%emt
00:03:11]} f6 {[%clk 01:30:31]} {[%emt 00:01:51]} 7. O-O {[%clk 01:20:37]}
{[%emt 00:09:26]} fxe5 {[%clk 01:29:22]} {[%emt 00:01:39]} 8. Nxe5 {[%clk
01:20:12]} {[%emt 00:00:54]} Nxe5 {[%clk 01:29:41]} {[%emt 00:00:12]} 9. dxe5
{[%clk 01:20:37]} {[%emt 00:00:05]} Qc7 {[%clk 01:29:52]} {[%emt 00:00:19]} 10.
f4 {[%clk 01:15:43]} {[%emt 00:05:24]} O-O-O {[%clk 01:28:37]} {[%emt
00:01:45]} 11. Nd2 {[%clk 01:09:56]} {[%emt 00:06:17]} Ne7 {[%clk 01:26:06]}
{[%emt 00:03:00]} 12. Nf3 {[%clk 01:08:27]} {[%emt 00:01:59]} Nf5 {[%clk
01:25:24]} {[%emt 00:01:13]} 13. Ng5 {[%clk 00:58:27]} {[%emt 00:10:30]} Re8
{[%clk 01:17:23]} {[%emt 00:08:31]} 14. Bd3 {[%clk 00:56:07]} {[%emt 00:02:50]}
h6 {[%clk 01:10:16]} {[%emt 00:07:36]} 15. Nf7 {[%clk 00:42:21]} {[%emt
00:14:16]} Rg8 {[%clk 01:01:07]} {[%emt 00:09:39]} 16. Bxf5 {[%clk 00:39:30]}
{[%emt 00:03:21]} exf5 {[%clk 01:01:09]} {[%emt 00:00:29]} 17. Qxd5 {[%clk
00:39:28]} {[%emt 00:00:32]} Be6 {[%clk 00:55:00]} {[%emt 00:06:38]} 18. Nd6+
{[%clk 00:39:17]} {[%emt 00:00:41]} Bxd6 {[%clk 00:53:30]} {[%emt 00:02:01]}
19. Qxd6 {[%clk 00:39:33]} {[%emt 00:00:14]} Qxd6 {[%clk 00:52:54]} {[%emt
00:01:05]} 20. exd6 {[%clk 00:39:58]} {[%emt 00:00:05]} Rd8 {[%clk 00:52:48]}
{[%emt 00:00:36]} 21. Rd1 {[%clk 00:39:33]} {[%emt 00:00:55]} Kd7 {[%clk
00:47:19]} {[%emt 00:06:00]} 22. b3 {[%clk 00:34:12]} {[%emt 00:05:51]} Kc6
{[%clk 00:40:24]} {[%emt 00:07:25]} 23. b4 {[%clk 00:26:59]} {[%emt 00:07:43]}
cxb4 {[%clk 00:39:35]} {[%emt 00:01:19]} 24. cxb4 {[%clk 00:27:15]} {[%emt
00:00:13]} Rxd6 {[%clk 00:39:27]} {[%emt 00:00:39]} 25. b5+ {[%clk 00:25:37]}
{[%emt 00:02:08]} Kc7 {[%clk 00:38:36]} {[%emt 00:01:19]} 26. Re1 {[%clk
00:21:08]} {[%emt 00:05:00]} g6 {[%clk 00:30:07]} {[%emt 00:09:00]} 27. Ba3
{[%clk 00:16:18]} {[%emt 00:05:20]} Rb6 {[%clk 00:25:17]} {[%emt 00:05:18]} 28.
Rac1+ {[%clk 00:14:48]} {[%emt 00:02:02]} Kd7 {[%clk 00:23:27]} {[%emt
00:02:20]} 29. Rcd1+ {[%clk 00:13:39]} {[%emt 00:01:39]} Kc7 {[%clk 00:20:23]}
{[%emt 00:03:35]} 30. Bc5 {[%clk 00:13:21]} {[%emt 00:00:46]} Rxb5 {[%clk
00:19:43]} {[%emt 00:01:11]} 31. Bd6+ {[%clk 00:12:47]} {[%emt 00:01:03]} Kd7
{[%clk 00:19:27]} {[%emt 00:00:46]} 32. Bc5+ {[%clk 00:09:13]} {[%emt
00:04:04]} Kc7 {[%clk 00:18:05]} {[%emt 00:01:52]} 33. Rc1 {[%clk 00:06:24]}
{[%emt 00:03:20]} Re8 {[%clk 00:13:19]} {[%emt 00:05:15]} 34. Bxa7+ {[%clk
00:05:59]} {[%emt 00:00:56]} Kd6 {[%clk 00:12:29]} {[%emt 00:01:19]} 35. Red1+
{[%clk 00:05:42]} {[%emt 00:00:47]} Ke7 {[%clk 00:12:34]} {[%emt 00:00:26]} 36.
Rc7+ {[%clk 00:05:06]} {[%emt 00:01:06]} Kf8 {[%clk 00:12:29]} {[%emt
00:00:34]} 37. Bd4 {[%clk 00:03:43]} {[%emt 00:01:51]} h5 {[%clk 00:05:53]}
{[%emt 00:07:09]} 38. Rh7 {[%clk 00:02:46]} {[%emt 00:01:22]} Re7 {[%clk
00:02:32]} {[%emt 00:03:55]} 39. Rh8+ {[%clk 00:01:56]} {[%emt 00:01:20]} Bg8
{[%clk 00:02:29]} {[%emt 00:00:33]} 40. Bf6 {[%clk 00:01:24]} {[%emt 00:01:01]}
Re8 {[%clk 00:01:36]} {[%emt 00:01:23]} 41. Rd7 {[%clk 00:28:35]} {[%emt
00:03:20]} Re1+ {[%clk 00:26:28]} {[%emt 00:05:38]} 42. Kf2 {[%clk 00:28:55]}
{[%emt 00:00:10]} Re6 {[%clk 00:24:26]} {[%emt 00:02:32]} 43. Rg7 {[%clk
00:28:27]} {[%emt 00:00:58]} Rxf6 {[%clk 00:23:07]} {[%emt 00:01:50]} 1-0